<?xml version="1.0" encoding="UTF-8"?><?xml-stylesheet type="text/xsl" href="static/style.xsl"?><OAI-PMH xmlns="http://www.openarchives.org/OAI/2.0/" xmlns:xsi="http://www.w3.org/2001/XMLSchema-instance" xsi:schemaLocation="http://www.openarchives.org/OAI/2.0/ http://www.openarchives.org/OAI/2.0/OAI-PMH.xsd"><responseDate>2026-04-17T06:46:57Z</responseDate><request verb="GetRecord" identifier="oai:www.recercat.cat:10256/18413" metadataPrefix="marc">https://recercat.cat/oai/request</request><GetRecord><record><header><identifier>oai:recercat.cat:10256/18413</identifier><datestamp>2024-06-14T09:44:41Z</datestamp><setSpec>com_2072_452955</setSpec><setSpec>com_2072_2054</setSpec><setSpec>col_2072_453064</setSpec></header><metadata><record xmlns="http://www.loc.gov/MARC21/slim" xmlns:dcterms="http://purl.org/dc/terms/" xmlns:xsi="http://www.w3.org/2001/XMLSchema-instance" xmlns:doc="http://www.lyncode.com/xoai" xsi:schemaLocation="http://www.loc.gov/MARC21/slim http://www.loc.gov/standards/marcxml/schema/MARC21slim.xsd">
   <leader>00925njm 22002777a 4500</leader>
   <datafield ind2=" " ind1=" " tag="042">
      <subfield code="a">dc</subfield>
   </datafield>
   <datafield ind2=" " ind1=" " tag="720">
      <subfield code="a">Oliveira dos Santos, Andrea</subfield>
      <subfield code="e">author</subfield>
   </datafield>
   <datafield ind2=" " ind1=" " tag="720">
      <subfield code="a">Capriotti, Paul</subfield>
      <subfield code="e">author</subfield>
   </datafield>
   <datafield ind2=" " ind1=" " tag="260">
      <subfield code="c">2019-12-03</subfield>
   </datafield>
   <datafield ind2=" " ind1=" " tag="520">
      <subfield code="a">The main objective of this paper is to examine the overall purpose of public relations, linking it to the degree of passivity or activity attributed to the respective publics in this field. Based on an extensive review of the main academic literature on public relations, the results reveal that 'mutual influence' is the purpose most often used to determine the general objective of communication management between an organization and its publics. In addition, the results indicate that 'mutual influence' as a purpose involves the consideration of the publics as active groups that create their own strategies based on their interests, with the intention of influencing organizations (and with the ability to influence them)</subfield>
   </datafield>
   <datafield ind2=" " ind1=" " tag="520">
      <subfield code="a">El principal objetivo de este artículo es examinar el propósito global de las relaciones&#xd;
públicas, vinculándolo con el grado de pasividad o actividad atribuido a los públicos en la&#xd;
disciplina. A partir de una amplia revisión de la principal literatura académica sobre&#xd;
relaciones públicas, los resultados revelan que la «influencia mutua» es el propósito más&#xd;
utilizado para determinar la finalidad general de la gestión comunicativa entre una&#xd;
organización y sus públicos. Además, los resultados indican que el propósito de&#xd;
«influencia mutua» implica la consideración de los públicos como grupos activos que&#xd;
crean sus propias estrategias a partir de sus intereses, con la intención de (y la capacidad&#xd;
para) influir en las organizaciones</subfield>
   </datafield>
   <datafield ind2=" " ind1=" " tag="520">
      <subfield code="a">L’objectiu principal d’aquest article és examinar el propòsit global de les relacions&#xd;
públiques tot vinculant-lo amb el grau de passivitat o d’activitat atribuït als públics&#xd;
en la disciplina. A partir d’una àmplia revisió de la principal literatura acadèmica sobre&#xd;
les relacions públiques, els resultats revelen que la «influència mútua» és el propòsit&#xd;
més utilitzat per determinar la finalitat general de la gestió comunicativa entre una&#xd;
organització i els seus públics. A més, els resultats indiquen que el propòsit «d’influència&#xd;
mútua» implica la consideració dels públics com grups actius que creen les seves pròpies&#xd;
estratègies a partir dels seus interessos, amb la intenció de (i la capacitat per) influir&#xd;
en les organitzacions</subfield>
   </datafield>
   <datafield ind1="8" ind2=" " tag="024">
      <subfield code="a">http://hdl.handle.net/10256/18413</subfield>
   </datafield>
   <datafield tag="653" ind2=" " ind1=" ">
      <subfield code="a">Relacions públiques</subfield>
   </datafield>
   <datafield tag="653" ind2=" " ind1=" ">
      <subfield code="a">Públic</subfield>
   </datafield>
   <datafield tag="653" ind2=" " ind1=" ">
      <subfield code="a">Public relations</subfield>
   </datafield>
   <datafield tag="653" ind2=" " ind1=" ">
      <subfield code="a">Audiences</subfield>
   </datafield>
   <datafield ind2="0" ind1="0" tag="245">
      <subfield code="a">El propósito de las relaciones públicas: de la persuasión a la influencia mutua</subfield>
   </datafield>
</record></metadata></record></GetRecord></OAI-PMH>